000 00623pam a2200217 4500
001 5171
005 20181127174936.0
008 980327r19981996nyu 000 1 eng
010 _a 98018687
020 _a9788184004076
043 _ae-uk-en
100 1 _aFielding, Helen,
_d1958-
245 1 0 _aMad about the boy :
_ba novel /
_cHelen Fielding.
250 _a1st American ed.
260 _aLondon :
_bRandom,
_c2013.
300 _a390 p . ;
_c25 cm.
600 1 0 _aJones, Bridget
_c(Fictitious character)
_vFiction.
650 0 _aSingle women
_xFiction.
651 0 _aEngland
_xFiction.
655 7 _aHumorous stories.
_2gsafd
999 _c4333
_d4333